Nepal and the world a statistical profile 2004.

Bibliographic Details
Corporate Author: Federation of Nepalese Chamber of Commerce & Industry
Format: Book
Published: Kathmandu: Federation of Nepalese Chamber of Commerce & Industry, 2004.
Subjects:
LEADER 00545cam a2200157 7i4500
001 0000015197
005 20050331090000.0
090 0 0 |a NEPL 310.9   |b NEP 
245 0 0 |a Nepal and the world a statistical profile 2004. 
260 0 0 |a Kathmandu:   |b Federation of Nepalese Chamber of Commerce & Industry,   |c 2004. 
300 # # |a 235 p. 
650 0 0 |a Statistics --   |z Nepal  
650 0 0 |a Economic indicators --   |z Nepal  
651 0 0 |a Nepal  
710 2 1 |a Federation of Nepalese Chamber of Commerce & Industry  
999 |a 0000016907  |b Book  |c Statistics  |e Business Information Centre